| 000 | 00884nam0a22002651 4500 | ||
|---|---|---|---|
| 001 | rc\28712 | ||
| 005 | 20250620152419.0 | ||
| 010 |
_a5-247-02864-3 _9600 |
||
| 035 | _a(NLR Aleph) 005314780 | ||
| 090 |
_a6424095 _c6424095 |
||
| 100 | _a20021216d1995 |||y0rusy50 ca | ||
| 101 | 0 | _arus | |
| 102 | _aRU | ||
| 105 | _aa ||||||||| | ||
| 200 | 1 |
_aГидроподъем полезных ископаемых _f[Я.К. Антонов, Л.Н. Козыряцкий, В.А. Малашкина и др.] |
|
| 210 |
_aМ. _cНедра _d1995 |
||
| 215 |
_a172, [1] с. _cил. _d21 |
||
| 300 | _aАвт. указаны на обороте тит. л. | ||
| 320 | _aБиблиогр.: с. 155-156 (26 назв.) | ||
| 701 | 1 |
_aАнтонов _bЯ.К. _gЯков Кузьмич |
|
| 801 | 0 |
_aRU _bNLR _gpsbo |
|
| 801 | 1 |
_aRU _bELAR _2rusmarc |
|
| 852 |
_aNLR _j95-3/2336 |
||
| 942 | _cBOOK | ||
| 980 | _aNB | ||